Discursos pronunciados en la inauguración del Ateneo del Ejército y de la Armada / (Record no. 153530)
[ view plain ]
| 000 -LEADER | |
|---|---|
| campo de control de longitud fija | 01177nam a2200229 i 4500 |
| 001 - NÚMERO DE CONTROL | |
| campo de control | 153530 |
| 003 - IDENTIFICADOR DE NÚMERO DE CONTROL | |
| campo de control | ES-MaACL |
| 005 - FECHA Y HORA DE LA ÚLTIMA TRANSACCIÓN | |
| campo de control | 20251011162543.0 |
| 008 - DATOS DE LONGITUD FIJA--INFORMACIÓN GENERAL | |
| campo de control de longitud fija | 931025s1871 sp |||| | spa d |
| 100 1# - ENTRADA PRINCIPAL--NOMBRE DE PERSONA | |
| Nombre de persona | Duero, Manuel Gutiérrez de la Concha, |
| Títulos y otros términos asociados al nombre | Marqués del, |
| Fechas asociadas al nombre | 1808-1874 |
| 9 (RLIN) | 148021 |
| 245 10 - MENCIÓN DEL TÍTULO | |
| Título | Discursos pronunciados en la inauguración del Ateneo del Ejército y de la Armada / |
| Mención de responsabilidad, etc. | por su presidente... marqués del Duero y su vicepresidente... Luis Vidart y en la de sus cátedras... Ignacio de Negrín. |
| 260 ## - PUBLICACIÓN, DISTRIBUCIÓN, ETC. | |
| Lugar de publicación, distribución, etc. | Madrid : |
| Nombre del editor, distribuidor, etc. | [s.n.], |
| Fecha de publicación, distribución, etc. | 1871 ( |
| Fabricante | Imp. y Lit. del Depósito de la Guerra) |
| 300 ## - DESCRIPCIÓN FÍSICA | |
| Extensión | 73 p., [8] p. ; |
| Dimensiones | 22 cm. |
| 505 8# - NOTA DE CONTENIDO CON FORMATO | |
| Nota de contenido con formato | Contiene también: Estatutos y Reglamento de 1871 . Lista de los señores socios de 1871 |
| 610 24 - PUNTO DE ACCESO ADICIONAL DE MATERIA--NOMBRE DE ENTIDAD CORPORATIVA | |
| Nombre de entidad corporativa o nombre de jurisdicción como elemento de entrada | Ateneo del Ejército y de la Armada (Madrid) |
| 9 (RLIN) | 134158 |
| 700 1# - ENTRADA AGREGADA--NOMBRE PERSONAL | |
| Nombre de persona | Vidart, Luis, |
| Fechas asociadas al nombre | 1833-1897 |
| 9 (RLIN) | 114538 |
| 700 1# - ENTRADA AGREGADA--NOMBRE PERSONAL | |
| Nombre de persona | Negrín, Ignacio de, |
| Fechas asociadas al nombre | 1830-1885 |
| 9 (RLIN) | 85306 |
| 710 2# - ENTRADA AGREGADA--NOMBRE DE ENTIDAD CORPORATIVA | |
| Nombre de entidad corporativa o nombre de jurisdicción como elemento de entrada | Ateneo del Ejército y de la Armada (Madrid) |
| 9 (RLIN) | 134158 |
| 710 1# - ENTRADA AGREGADA--NOMBRE DE ENTIDAD CORPORATIVA | |
| Nombre de entidad corporativa o nombre de jurisdicción como elemento de entrada | España. |
| Unidad subordinada | Depósito de la Guerra. |
| 9 (RLIN) | 167579 |
| 852 ## - LOCALIZACIÓN | |
| Ubicación | ES-MaACL |
| Número de control de estantería | T-121-F-2 |
| Nota libre | - Enc. hol., falto de la enc. original |
| -- | - Enc. en un vol. facticio |
| Estatus retirado | Estado de pérdida | Estado de daño | No para préstamo | Colección | Biblioteca de origen | Biblioteca actual | Ubicación en estantería | Fecha de adquisición | Total de préstamos | Signatura topográfica completa | Código de barras | Visto por última vez | Precio de reemplazo | Tipo de ítem Koha |
|---|---|---|---|---|---|---|---|---|---|---|---|---|---|---|
| Colección de folletos | Biblioteca del Ateneo de Madrid | Biblioteca del Ateneo de Madrid | Depósito folletos | 17/01/2008 | T-121-F-2 | 1160493 | 23/02/2023 | 23/02/2023 | Folleto |
